Faktoring ako forma financovania odložených splatností v medzinárodnej nákladnej doprave

Zabezpečenie a financovanie pohľadávok faktoringom v medzinárodnej nákladnej doprave. Výhody vývozného faktoringu. Výhody tuzemského faktoringu. Výhody dovozného faktoringu. Používanie regresného faktoringu v prípade existencie takých dopravných firiem, ktoré nezaujíma poistenie rizika z neplatenia...

Ausführliche Beschreibung

Gespeichert in:
Bibliographische Detailangaben
1. Verfasser: Jacková, Anna
Format: Buchkapitel
Sprache:Slowakisch
Schlagworte:
Tags: Tag hinzufügen
Keine Tags, Fügen Sie das erste Tag hinzu!

MARC

LEADER 00000naa$a2200000$$$4500
001 0006258
005 20231004104235.5
041 0 |a slo 
044 |a CZ 
245 1 0 |a Faktoring ako forma financovania odložených splatností v medzinárodnej nákladnej doprave  |c aut. Anna Jacková 
520 |a Zabezpečenie a financovanie pohľadávok faktoringom v medzinárodnej nákladnej doprave. Výhody vývozného faktoringu. Výhody tuzemského faktoringu. Výhody dovozného faktoringu. Používanie regresného faktoringu v prípade existencie takých dopravných firiem, ktoré nezaujíma poistenie rizika z neplatenia. 
610 2 0 |a faktoring 
610 2 0 |a pohľadávky 
610 2 0 |a financovanie 
610 2 0 |a vývoz 
610 2 0 |a dovoz 
610 2 0 |a doprava medzinárodná 
100 1 |a Jacková, Anna